000 01842nam0a2200385 4500
001 RU\NLR\BIBL_A\010919591
005 20260408182313.0
010 _a978-5-88866-554-1
_9138
021 _aRU
_b2015-90113
_95552
035 _a(NLR Aleph) 010919591
035 _a(NILC)RuMoRGB-008074123
090 _a10670402
_c10670402
100 _a20151207d2014 k y0rusy50 ca
101 0 _arus
102 _aRU
105 _ay|||z||||01yy
200 1 _aФункциональная полнота в теории конечнозначных логик
_eмонография
_fЕ. А. Михеева
_gМ-во образования и науки РФ, Федеральное гос. бюджетное образовательное учреждение высш. проф. образования "Ульяновский гос. ун-т", Фак. математики и информационных технологий
210 _aУльяновск
_cУлГУ
_d2014
215 _a138 с.
_d21
300 _aНа 4-й с. обл. авт.: Михеева Е. А., к. ф.-м. н., доц.
320 _aБиблиогр.: с. 133-136 (43 назв.)
606 1 _aФункциональные системы
_xПолнота
_91925681
_3RU\NLR\AUTH\661167410
606 1 _aМногозначная логика
_91529792
_3RU\NLR\AUTH\66666007
606 _aРешетки (мат.) конечнозначные
_3RU\NLR\AUTH\66961259
_91517522
610 0 _aконечнозначные логики
675 _a519.7
686 1 _aВ123
700 1 _aМихеева
_bЕ. А.
_gЕлизавета Алексеевна
801 0 _aRU
_bРГБ
_c20151119
_gRCR
801 1 _aRU
_bРГБ
_c20151119
_2rusmarc
942 _cBOOK
980 _aNBR
980 _aNB